=LDR 00000nam 2200000 4500 =001 INLIS000000000044572 =005 20200430083807 =035 ##$$a 0010-101300000002494 =008 200430################g##########0#ind## =041 ##$$a Ind =082 ##$$a 2x3.6 =090 ##$$a 2x3.6 , Ast t =100 1#$$a Astrada, Ronny =245 1#$$a The Scret-nya tawakal As-sirr , Ronny Astrada /$c Ronny Astrada =850 ##$$a NBPNMAT =020 ##$$a 978-979-22-3898-3 =084 ##$$a 2x3.6 AST t =250 ##$$a cet.1 =260 ##$$a Jakarta :$b PT. Gramedia Pustaka Utama,$c 2008 =300 ##$$a 132 hlm., ; $c 15 x 17 cm =650 #4$$a Tawakal =990 ##$$a 21105851 =990 ##$$a 1201101503